000 00778nam a2200241 a 4500
001 60737
003 BD-RjUL
005 20211209080858.0
008 170102s1966 enk 000 0 eng d
035 _a(BD-RjUL)60861
040 _aWSU
_cWSU
_dOCL
_dUKM
_dEQO
_dBD-RjUL
_beng
041 _aeng
082 0 4 _a370.1
_223
_bSPE 1966
100 1 _aSpencer, Herbert,
_d1820-1903.
_9180963
245 1 0 _aEssays on education and kindred subjects /
_cHerbert Spencer ; introduced by Charles W. Eliot
260 _aLondon ;
_aNew York :
_bDent ;
_bDutton,
_c1966
300 _a330 p. ;
_c19 cm.
490 1 _aEveryman's library ;
_vno. 504
650 0 _aEducation.
_xPhilosophy
_9180964
650 0 _aEducation
_9171727
830 0 _aEveryman's library ;
_vno. 504.
_9180966
942 _2ddc
_cBK
999 _c60737
_d60737